000 01034nabaa22001937a 4500
999 _c6177
_d6177
003 OSt
005 20260123232944.0
008 190701b xxu||||| |||| 00| 0 spa d
040 _cPJ
100 _96918
_aSuárez, Roberto C.
245 1 0 _aUna mirada al procedimiento como elemento esencial del acto administrativo /
_cRoberto C. Suárez.
300 _ap. 82-86
500 _aCita: TR LALEY AR/DOC/1112/2024
505 _aSumario: I. Introducción.— II. El acto, fruto de un procedimiento que tiende a limitar prerrogativas.— III. El procedimiento administrativo y adjetivo.— IV. El dictamen de los servicios jurídicos permanentes.— V. El procedimiento y las formas como garantía del administrado.— VI. Algunas conclusiones.
505 _t¿Te interesa el texto completo? Comunicate al correo: koha@justierradelfuego.gov.ar
650 0 _9211
_aDERECHO ADMINISTRATIVO
773 0 _02842
_93251
_dBuenos Aires : AbeledoPerrot, 2012-
_oDA121
_tDerecho administrativo. Nº 153 mayo/junio 2024
_z18510590
942 _2udc
_cANA